000 00413ntaaa2200169 4500
003 01
005 20251027201943.0
008 0714s1973 ag 01
040 _aAR-BaBN
_bspa
_cAR-BaBN
_eaacr
_dRIC
082 _a248.0000 C85
100 _aCrane, Frank
_918118
245 _aWhy am I a Christian?
250 _a1 ed. :
_bWm. H. Wise and Co.,
_cc/924
300 _a344 p.
650 _aVida Cristiana
942 _cBK
999 _c14267
_d14267